The wars of Marlborough, 1702-1709, (Record no. 552768)
[ view plain ]
| 000 -LEADER | |
|---|---|
| fixed length control field | 00702cam a22001691 4500 |
| 082 ## - DEWEY DECIMAL CLASSIFICATION NUMBER | |
| Classification number | 993.152 |
| Author Mark | TAY |
| -- | D |
| 100 1# - MAIN ENTRY--PERSONAL NAME | |
| Personal name | Taylor, Frank, |
| 9 (RLIN) | 41239 |
| 245 14 - TITLE STATEMENT | |
| Title | The wars of Marlborough, 1702-1709, |
| Statement of responsibility, etc. | by Frank Taylor ... ed. by G. Winifred Taylor ... with an introduction by the Hon. J.W. Fortescue ... Maps comp. and drawn by H.W. Cribb ... |
| 260 ## - PUBLICATION, DISTRIBUTION, ETC. | |
| Place of publication, distribution, etc. | Oxford, |
| Name of publisher, distributor, etc. | B. Blackwell, |
| Date of publication, distribution, etc. | 1921. |
| 300 ## - PHYSICAL DESCRIPTION | |
| Extent | 2 v. |
| Other physical details | 10 fold. maps (incl. fronts.) |
| Dimensions | 22 1/2 cm. |
| 500 ## - GENERAL NOTE | |
| General note | "Memoir of Frank Taylor" : v. 2, p. 505-513. |
| 526 ## - STUDY PROGRAM INFORMATION NOTE | |
| Program name | 0 |
| Interest level | 0 |
| Reading level | 0 |
| Title point value | 993_152000000000000_TAY |
| 650 #0 - SUBJECT ADDED ENTRY--TOPICAL TERM | |
| Topical term or geographic name entry element | MCE |
| 9 (RLIN) | 379 |
| 650 #0 - SUBJECT ADDED ENTRY--TOPICAL TERM | |
| Topical term or geographic name entry element | Spanish Succession, War of, 1701-1714. |
| 9 (RLIN) | 49331 |
| 700 1# - ADDED ENTRY--PERSONAL NAME | |
| Personal name | Taylor, Gertrude Winifred, |
| 9 (RLIN) | 49332 |
| 942 ## - ADDED ENTRY ELEMENTS (KOHA) | |
| Source of classification or shelving scheme | |
| Koha item type | Book |
| Withdrawn status | Lost status | Source of classification or shelving scheme | Damaged status | Not for loan | Permanent Location | Current Location | Date acquired | Total Checkouts | Full call number | Barcode | Date last seen | Price effective from | Koha item type |
|---|---|---|---|---|---|---|---|---|---|---|---|---|---|
| Military College of Engineering (MCE) | Military College of Engineering (MCE) | 01/22/2015 | 993.152 TAY | MCE-ECW/77 | 01/22/2015 | 01/22/2015 | Book |
